000 00641nam a2200277Ia 4500
005 20260324130625.0
008 008 260324s9999 xx 000 0 eng d
020 _a9780203882368
037 _aEBOOK
040 _aCRL
040 _beng
040 _cCRL
041 _2eng
041 _aeng
084 _qCRL
100 _aJan Nespor
_91182477
245 0 _aTechnology and the Politics of Instruction
260 _bTaylor and Francis
260 _c2007
365 _a
365 _b145
856 _uhttp://www.taylorfrancis.com/books/9780203882368
942 _cEBOOK
999 _c1778810
_d1778810